000 00705nam a2200241 a 4500
001 BRCA_3585
005 20190320204337.0
008 060809s1962----gw-a---###---#000-0#ger-#
041 _ager
044 _agw
050 4 _aN2280
_b.M46 1962
100 1 _aMenz, Henner
_99304
245 1 0 _aDie Dresdener Gemäldegalerie
_cvon Henner Menz.
260 _aMunchen
_bDroemer
_c1962
300 _a319 p.
_bil., 344 láminas (algunas a color)
_c22 cm.
440 0 _aKnaurs Galerien der Welt
_99305
500 _aIncluye ídice alfabético y registros de nombres.
500 _aB253
650 1 4 _aPinturas
_xDresden
_99306
650 1 4 _aGalerías y museos
_zAlemania
_95059
902 _aGFM
942 _2lcc
_cB
999 _c3320
_d3320